| 000 | 00834nam a2200277 i 4500 | ||
|---|---|---|---|
| 005 | 20220316235255.0 | ||
| 007 | ta | ||
| 008 | 200425s2002 mx a gr 000 0 spa d | ||
| 020 | _a9681863399 | ||
| 040 |
_aCO-BoRNBP _bspa _cCO-BoRNBP _erda |
||
| 041 | 0 | _aspa | |
| 082 | 0 | 4 |
_a501 _bP72C |
| 100 | 1 |
_aPérez Tamayo, Ruy _eautor |
|
| 245 | 1 | 0 |
_aCómo acercarse a la ciencia _cRuy Pérez Tamayo |
| 250 | _aPrimera edición | ||
| 264 | 1 |
_aMéxico _bLimusa _c2002 |
|
| 300 |
_a150 páginas _bilustraciones _c21 cm |
||
| 336 |
_atexto _btxt _2rdacontent |
||
| 337 |
_asin mediación _bn _2rdamedia |
||
| 338 |
_avolumen _bnc _2rdacarrier |
||
| 650 | 1 | 7 |
_aCiencias _xEnseñanza _xHistoria _2ARMARC |
| 650 | 1 | 7 |
_aCiencia y tecnología _2ARMARC |
| 650 | 1 | 7 |
_aMetodología científica _2ARMARC |
| 650 | 1 | 7 |
_aCientíficos _2ARMARC |
| 942 |
_2ddc _cBK |
||
| 999 |
_c453 _d453 |
||